000 00268nam a22001217a 4500
082 _a030
_bCAR/E
100 _aCARR,ARCHIE
245 _aTHE EVERGLADES
260 _aALEXANDRIA
_bTIME LIFE BOOKS
300 _a184
650 _aGENERAL KNOWLEDGE
_zALEXANDRIA
942 _cBK
999 _c2925
_d2925